Responses for Show #9111 - Monday, May 27, 2024

Amar Kakirde game 4.

Contestants

[<< previous game]

Ryan Alcorn, a product manager originally from Needham, Massachusetts

Tim Keily, a search and rescue pilot from Sitka, Alaska

Amar Kakirde, a graduate student from Lake Hiawatha, New Jersey (whose 3-day cash winnings total $41,399)

[next game >>]

Jeopardy! Round responses

BESTSELLERS
WHERE IS THAT?
MY JOB IS BEACH
SPORTS AWARDS
NONPOTENT POTABLES
"V"-8
(Ken: Each correct response is 8 letters and begins with "V".)
    $200 30
Heaven

Ryan
    $200 5
the stomach

Amar
    $200 15
lifeguard

Tim
    $200 14
the Cy Young Award

Ryan
    $200 29
a pumpkin spice latte

Tim
    $200 16
verbatim

Ryan
    $400 28
Dreams from My Father

Triple Stumper
    $400 3
Versailles

Tim
    $400 9
surfing

Tim
    $400 13
Jokić

Tim
    $400 22
iced tea

Amar
    $400 17
(Tim: What is a Vodaphone?)

a Victrola

Tim
Triple Stumper
    $1,000 27
(Amar: Don't know it.)

Into Thin Air

Amar
    $600 1
(Ryan: What is Cape Canaveral?)
...
(Ken: That's right, on the Moon.)

Sea of Tranquility

AmarRyan
    $600 8
hot dogs & French fries

Triple Stumper
    $600 12
Hot Rod

Tim
    $600 21
(Tim: What is Hawaiian Tropic?)

Hawaiian Punch

TimRyan
    $600 18
vermouth

Ryan
    $800 25
Shōgun

Tim
    $800 2
(Tim: What is Pennsylvania Avenue?)
(Ken: Yes... uh, no, sorry.)

Pennsylvania

TimRyan
    $800 6
Tsunami

Amar
    $800 11
(Ryan: Who is Laver?)
...
(Ken: The [*] Cup, right.)

Davis

TimRyan
    $800 23
Jamba

Amar
    $800 19
viscount

Amar
    $1000 26
David Foster Wallace

Amar
    $1000 4
Lilliput

Tim
    $1000 7
shore patrol

Tim
    $1000 10
punter

Tim
    $1000 24
(Amar: What is Poland Springs?)

Crystal Geyser

Amar
Triple Stumper
    $1000 20
Vicarage

Amar

Scores at the first commercial break (after clue 15):

Amar Tim Ryan
$1,600 $5,000 -$400

Scores at the end of the Jeopardy! Round:

Amar Tim Ryan
$3,600 $5,000 $1,200

Double Jeopardy! Round responses

THE 17th CENTURY
YOU CAN'T GET ANY FURTHER NORTH
HEY BABY, WHAT'S YOUR SCIENCE?
AT THE MUSEUM
NAME THE CELEBRITY
"Y" IN THE MIDDLE
(Ken: The exact middle of each response, in fact.)
    $400 29
tulips

Ryan
    $400 27
Switzerland

Amar
    $400 30
archaeology

Triple Stumper
    $400 26
the Hope Diamond

Tim
    $400 10
(Amar: Who is Jay-Z?)
...
(Ken: Big news for Beyoncé if true.)
[Laughter]

A$AP Rocky

Amar
Triple Stumper
    $400 25
emphysema

Tim
    $800 12
tobacco

Amar
    $800 21
Maine

Amar
    $800 28
pyrotechnics

Triple Stumper
    $800 1
Harlem Renaissance

Amar
    $800 9
Sweeney

Ryan
    $800 18
(Tim: What is a waiting room?)

foyer

AmarTim
    $1200 5
Richelieu

Amar
    $1200 20
the Bay of Biscay

Ryan
    $1200 13
ferns

Amar
    $4,000 2
(Ken: Yes, it was a Swedish warship.)

Stockholm

Amar
    $1200 8
Donald Sutherland

Triple Stumper
    $1200 17
Tiddlywinks

Amar
    $1600 4
Nigeria

Ryan
    $1600 19
County Donegal

Triple Stumper
    $1600 14
[Groans]

taxonomy

Triple Stumper
    $1600 3
Yad Vashem

Amar
    $1600 11
Grimes

Triple Stumper
    $1600 16
acetylene

Triple Stumper
    $2000 6
(Tim: What is Czar?)

Dmitry

Tim
Triple Stumper
    $2000 22
(Amar: What is Jordan?)

Lebanon

AmarTim
    $2,000 15
earthworms

Amar
    $2000 7
a Huey

Ryan
    $2000 23
(Ken: Oh, we forgot [*].)

Pauly Shore

Triple Stumper
    $2000 24
a currycomb

Triple Stumper

Scores at the end of the Double Jeopardy! Round:

Amar Tim Ryan
$16,000 $5,000 $7,200
(lock game)

[wagering suggestions for these scores]

Final Jeopardy! Round responses

FEMALE SINGERS
(Ken: This was December 2023, because Christmas songs can now re-chart even if they're not brand new; in this case, it was "Rockin' Around The Christmas Tree" by [*].)
TimWho is Cher? Hi Cooper + Blake!
$2,251
RyanWho is Parton? I ♡ my pregnant wife
$0
AmarWho is Dolly Parton?
$1,500
Brenda Lee

Final scores:

Amar Tim Ryan
$14,500 $2,749 $7,200
4-day champion: $55,899 3rd place: $2,000 2nd place: $3,000

Game dynamics:

Coryat scores:

Amar Tim Ryan
$14,200 $5,000 $7,200
19 R
(including 2 DDs),
4 W
(including 1 DD)
14 R,
5 W
11 R,
2 W

Combined Coryat: $26,400

[game clues] [game scores] [suggest correction]

Game tape date: 2024-04-09
The J! Archive is created by fans, for fans. Scraping, republication, monetization, and malicious use prohibited; this site may use cookies and collect identifying information. See terms. The Jeopardy! game show and all elements thereof, including but not limited to copyright and trademark thereto, are the property of Jeopardy Productions, Inc. and are protected under law. This website is not affiliated with, sponsored by, or operated by Jeopardy Productions, Inc. Join the discussion at JBoard.tv.